Tables of the Riemann zeta function / (Record no. 51028)
[ view plain ]
| 000 -LEADER | |
|---|---|
| fixed length control field | 01064nam a2200301 a 4500 |
| 001 - CONTROL NUMBER | |
| control field | 51028 |
| 003 - CONTROL NUMBER IDENTIFIER | |
| rucl marc code | BD-RjUL |
| 005 - DATE AND TIME OF LATEST TRANSACTION | |
| control field | 20211209075611.0 |
| 008 - FIXED-LENGTH DATA ELEMENTS--GENERAL INFORMATION | |
| fixed length control field | 160828t19631960enk b 000 0 eng |
| 035 ## - SYSTEM CONTROL NUMBER | |
| System control number | (BD-RjUL)51148 |
| 040 ## - CATALOGING SOURCE | |
| Original cataloging agency | DLC |
| Transcribing agency | OUN |
| Modifying agency | OCL |
| -- | BD-RjUL |
| -- | EQO |
| Language of cataloging | eng |
| 041 ## - LANGUAGE CODE | |
| Language code of text/sound track or separate title | eng |
| 082 ## - DEWEY DECIMAL CLASSIFICATION NUMBER | |
| Classification number | 517.81 |
| Author mark and year | HAT 1963 |
| 100 1# - MAIN ENTRY--PERSONAL NAME | |
| Personal name | Haselgrove, C. B. |
| 9 (RLIN) | 152676 |
| 245 10 - TITLE STATEMENT | |
| Title | Tables of the Riemann zeta function / |
| Statement of responsibility, etc. | by C.B. haselfrove ; in collaboration with J. C. P. Miller. |
| 246 34 - VARYING FORM OF TITLE | |
| Title proper/short title | Riemann zeta function. |
| 260 ## - PUBLICATION, DISTRIBUTION, ETC. (IMPRINT) | |
| Place of publication, distribution, etc. | Cambridge : |
| Name of publisher, distributor, etc. | Published for the Royal Society at the University Press, |
| Date of publication, distribution, etc. | c1960 [Reprint 1963] |
| 300 ## - PHYSICAL DESCRIPTION | |
| Pagination | 80 p. ; |
| Size | 29 cm. |
| 490 1# - SERIES STATEMENT | |
| Series statement | Royal Society mathematical tables ; |
| Volume/sequential designation | v. 6 |
| 500 ## - GENERAL NOTE | |
| General note | Spine title: Riemann zeta function. |
| 504 ## - BIBLIOGRAPHY, ETC. NOTE | |
| Bibliography, etc | Includes bibliography. |
| 650 #0 - SUBJECT ADDED ENTRY--TOPICAL TERM | |
| Topical term or geographic name as entry element | Functions, Zeta. |
| 9 (RLIN) | 152677 |
| Topical term or geographic name as entry element | Mathematics |
| Form subdivision | Tables. |
| 9 (RLIN) | 152678 |
| 700 1# - ADDED ENTRY--PERSONAL NAME | |
| Personal name | Miller, J. C. P. |
| Fuller form of name | (Jeffery Charles Percy) |
| 830 #0 - SERIES ADDED ENTRY--UNIFORM TITLE | |
| Uniform title | Royal Society mathematical tables ; |
| Volume number/sequential designation | v. 6 |
| 942 ## - ADDED ENTRY ELEMENTS (KOHA) | |
| Source of classification or shelving scheme | Dewey Decimal Classification |
| Koha item type | Books |
| Lost status | Source of classification or shelving scheme | Damaged status | Not for loan | Collection code | Permanent Location | Current Location | Shelving location | Date acquired | Source of acquisition | Cost, normal purchase price | Total Checkouts | Full call number | Date last seen | Copy number | Koha item type |
|---|---|---|---|---|---|---|---|---|---|---|---|---|---|---|---|
| Dewey Decimal Classification | Non-fiction | Central Library, University of Rajshahi | Central Library, University of Rajshahi | 22/10/1969 | Zeithinger | 50.00 | 517.81 HAT 1963 | 29/08/2016 | C-2 | Books |